[Event "Titled Tuesday intern op 19th Mar Late"]
[Site "Chess.com INT"]
[Date "2024.03.19"]
[Round "11"]
[White "Ghasi, Ameet K"]
[Black "Streltsov, Alexey"]
[Result "1-0"]
[WhiteElo "2485"]
[BlackElo "2286"]
[PlyCount "149"]
[EventDate "2024.03.19"]
[EventType "swiss (blitz)"]
[EventRounds "11"]
[EventCountry "USA"]
[SourceTitle "EXT 2025"]
[Source "ChessBase"]
[SourceDate "2024.10.14"]
[SourceVersion "1"]
[SourceVersionDate "2024.10.14"]
[SourceQuality "1"]

1. Nf3 d5 2. g3 Nc6 3. Bg2 e5 4. d3 Bf5 5. Nc3 d4 6. Ne4 Bxe4 7. dxe4 Bb4+ 8. Nd2 h5 9. h4 Nf6 10. a3 Bxd2+ 11. Bxd2 Ng4 12. c3 Qd6 13. cxd4 Nxd4 14. e3 Nc6 15. Bc3 0-0-0 16. Qxd6 Rxd6 17. Ke2 b6 18. f3 Nf6 19. Rhc1 Kb7 20. b4 a6 21. a4 b5 22. axb5 axb5 23. Kf2 Ra8 24. Rxa8 Kxa8 25. Bf1 Nd7 26. Bxb5 Kb7 27. Bc4 f6 28. b5 Na7 29. Bb4 Rb6 30. Ba5 Rxb5 31. Bxb5 Nxb5 32. Ke2 c5 33. Bd2 Nd6 34. Ra1 Nb6 35. Ba5 Nd7 36. Bd8 Nb5 37. Kd3 Nd6 38. Be7 Nc8 39. Bd8 Nd6 40. Ba5 Kc6 41. Bd2 Kb7 42. Kc2 Nc4 43. Kc3 Nd6 44. Rg1 Nb5+ 45. Kc4 Kc6 46. g4 Nd6+ 47. Kc3 hxg4 48. Rxg4 Ne8 49. Rg1 Nb6 50. Kd3 Nd7 51. h5 Nb6 52. Ke2 Nc4 53. Be1 Na3 54. Bh4 c4 55. Ra1 Nb5 56. Be1 Kc5 57. Ra8 Ned6 58. Rg8 c3 59. Rxg7 Nc4 60. Bxc3 Nxc3+ 61. Kf2 Nd1+ 62. Kg3 Ndxe3 63. h6 f5 64. h7 f4+ 65. Kf2 Nb2 66. h8Q Nd3+ 67. Ke2 Nb4 68. Rc7+ Kd4 69. Qd8+ Nbd5 70. exd5 Nxd5 71. Kf2 e4 72. Rd7 e3+ 73. Ke1 Kd3 74. Rxd5+ Kc2 75. Rc5+ 1-0

[Event "Titled Tuesday intern op 19th Mar Early"]
[Site "Chess.com INT"]
[Date "2024.03.19"]
[Round "8"]
[White "Streltsov, Alexey"]
[Black "Bochnicka, Vladimir1"]
[Result "1-0"]
[WhiteElo "2286"]
[BlackElo "2413"]
[PlyCount "53"]
[EventDate "2024.03.19"]
[EventType "swiss (blitz)"]
[EventRounds "11"]
[EventCountry "USA"]
[SourceTitle "EXT 2025"]
[Source "ChessBase"]
[SourceDate "2024.10.14"]
[SourceVersion "1"]
[SourceVersionDate "2024.10.14"]
[SourceQuality "1"]

1. d4 Nf6 2. Nc3 d5 3. Bf4 g6 4. Qd2 Bg7 5. 0-0-0 c6 6. f3 b5 7. Bh6 0-0 8. h4 b4 9. Nb1 Qa5 10. h5 Qxa2 11. hxg6 fxg6 12. Bxg7 Kxg7 13. Qh6+ Kg8 14. e4 dxe4 15. fxe4 Qf7 16. Nf3 Nxe4 17. Bc4 e6 18. Nbd2 Nf2 19. Ng5 Qg7 20. Qxg7+ Kxg7 21. Rxh7+ Kg8 22. Re1 Rf5 23. Rc7 Na6 24. Nxe6 Bxe6 25. Bxe6+ Kf8 26. Rxc6 Ra5 27. Nb3 1-0

[Event "Titled Tuesday intern op 19th Mar Early"]
[Site "Chess.com INT"]
[Date "2024.03.19"]
[Round "5"]
[White "Streltsov, Alexey"]
[Black "Wartiovaara, Oliver"]
[Result "0-1"]
[WhiteElo "2286"]
[BlackElo "2272"]
[PlyCount "72"]
[EventDate "2024.03.19"]
[EventType "swiss (blitz)"]
[EventRounds "11"]
[EventCountry "USA"]
[SourceTitle "EXT 2025"]
[Source "ChessBase"]
[SourceDate "2024.10.14"]
[SourceVersion "1"]
[SourceVersionDate "2024.10.14"]
[SourceQuality "1"]

1. d4 f5 2. Nc3 Nf6 3. Bf4 e6 4. f3 Bb4 5. Qd2 0-0 6. a3 Ba5 7. e3 Nd5 8. b4 Nxf4 9. exf4 Bb6 10. Bd3 Bxd4 11. Nge2 Bb6 12. Na4 Qf6 13. c3 e5 14. Nxb6 axb6 15. 0-0 d6 16. fxe5 dxe5 17. f4 e4 18. Bc4+ Be6 19. Bxe6+ Qxe6 20. Nd4 Qd5 21. Qe3 Nc6 22. Rfd1 Nxd4 23. Rxd4 Qe6 24. a4 c5 25. Rd2 Rfd8 26. h3 Rxd2 27. Qxd2 h6 28. Kh2 Kh7 29. a5 bxa5 30. bxa5 e3 31. Qe2 Re8 32. Qb5 e2 33. Re1 Qe3 34. Kh1 Qf2 35. Qb1 Qxf4 36. Qxb7 Qf1+ 0-1

[Event "Titled Tuesday intern op 27th Feb Early"]
[Site "Chess.com INT"]
[Date "2024.02.27"]
[Round "3"]
[White "Chemin, Justo Reinaldo"]
[Black "Streltsov, Alexey"]
[Result "0-1"]
[WhiteElo "2040"]
[BlackElo "2286"]
[PlyCount "62"]
[EventDate "2024.02.27"]
[EventType "swiss (blitz)"]
[EventRounds "11"]
[EventCountry "USA"]
[SourceTitle "EXT 2025"]
[Source "ChessBase"]
[SourceDate "2024.10.14"]
[SourceVersion "1"]
[SourceVersionDate "2024.10.14"]
[SourceQuality "1"]

1. e4 c6 2. d4 d5 3. Nc3 dxe4 4. Nxe4 Nf6 5. Ng3 h5 6. Nf3 h4 7. Ne2 Bg4 8. Ne5 Bh5 9. Qd3 Nbd7 10. Nf4 e6 11. Nxh5 Rxh5 12. Qb3 Nxe5 13. dxe5 Rxe5+ 14. Be2 Qb6 15. Be3 Qxb3 16. axb3 Nd5 17. Bd2 Bb4 18. c3 Bc5 19. b4 Bb6 20. Kf1 0-0-0 21. c4 Nf6 22. Bc3 Bd4 23. Bxd4 Rxd4 24. Rxa7 Rde4 25. Ra8+ Kc7 26. Rf8 Rxe2 27. Rxf7+ Kb6 28. f4 Re1+ 29. Kf2 R5e2+ 30. Kf3 Re3+ 31. Kf2 Ng4# 0-1

[Event "Titled Tuesday intern op 27th Feb Early"]
[Site "Chess.com INT"]
[Date "2024.02.27"]
[Round "5"]
[White "Peiris, TSS"]
[Black "Streltsov, Alexey"]
[Result "0-1"]
[WhiteElo "1843"]
[BlackElo "2286"]
[PlyCount "76"]
[EventDate "2024.02.27"]
[EventType "swiss (blitz)"]
[EventRounds "11"]
[EventCountry "USA"]
[SourceTitle "EXT 2025"]
[Source "ChessBase"]
[SourceDate "2024.10.14"]
[SourceVersion "1"]
[SourceVersionDate "2024.10.14"]
[SourceQuality "1"]

1. e4 c6 2. d4 d5 3. Nc3 dxe4 4. Nxe4 Nf6 5. Nxf6+ exf6 6. c3 Bd6 7. Bd3 0-0 8. Ne2 Re8 9. 0-0 Nd7 10. Be3 Nf8 11. Qc2 Qc7 12. Ng3 g6 13. c4 f5 14. c5 Be7 15. Qd2 Ne6 16. Ne2 Bf6 17. Bc4 Rd8 18. b4 f4 19. Nxf4 Nxd4 20. Qc1 Bf5 21. Rd1 Nc2 22. Rb1 Rxd1+ 23. Qxd1 Nxe3 24. fxe3 Bxb1 25. Qxb1 Re8 26. Kf2 Qe7 27. Qb3 Kg7 28. g3 Be5 29. Nd3 f6 30. Nxe5 Qxe5 31. a4 Re7 32. a5 h5 33. a6 h4 34. axb7 Rxb7 35. Qa3 Re7 36. gxh4 Qxh2+ 37. Ke1 Qxh4+ 38. Kd2 Qxc4 0-1

[Event "Titled Tuesday intern op 27th Feb Early"]
[Site "Chess.com INT"]
[Date "2024.02.27"]
[Round "10"]
[White "Streltsov, Alexey"]
[Black "Kolmagorov, Alexey"]
[Result "1-0"]
[WhiteElo "2286"]
[BlackElo "2125"]
[PlyCount "93"]
[EventDate "2024.02.27"]
[EventType "swiss (blitz)"]
[EventRounds "11"]
[EventCountry "USA"]
[SourceTitle "EXT 2025"]
[Source "ChessBase"]
[SourceDate "2024.10.14"]
[SourceVersion "1"]
[SourceVersionDate "2024.10.14"]
[SourceQuality "1"]

1. d4 Nf6 2. Nc3 d5 3. Bf4 c5 4. e3 cxd4 5. exd4 Bg4 6. Be2 Bxe2 7. Qxe2 a6 8. Nf3 Nc6 9. 0-0-0 e6 10. Ne5 Rc8 11. Qe3 b5 12. Kb1 Qa5 13. Rhe1 Nxe5 14. dxe5 Nd7 15. Nxd5 Bc5 16. Qg3 g6 17. Nf6+ Nxf6 18. exf6 Qb6 19. Be3 h6 20. Bxc5 Qxc5 21. Rxe6+ Kf8 22. Qd6+ Kg8 23. Qxc5 Rxc5 24. Rd8+ Kh7 25. Rxh8+ Kxh8 26. Re8+ Kh7 27. Rf8 Rc7 28. f4 g5 29. f5 h5 30. h3 g4 31. h4 Rd7 32. b3 b4 33. Kb2 a5 34. a3 Rc7 35. axb4 axb4 36. Rb8 Rc5 37. Rxb4 Rxf5 38. Rd4 Rf2 39. g3 Rf3 40. Rd3 Kg6 41. b4 Kxf6 42. b5 Ke6 43. Kc3 f5 44. Rxf3 gxf3 45. Kd3 Kd5 46. c4+ Kc5 47. Ke3 1-0

[Event "Titled Tuesday intern op 27th Feb Early"]
[Site "Chess.com INT"]
[Date "2024.02.27"]
[Round "8"]
[White "Streltsov, Alexey"]
[Black "Tsaruk, Maksim"]
[Result "0-1"]
[WhiteElo "2286"]
[BlackElo "2480"]
[PlyCount "112"]
[EventDate "2024.02.27"]
[EventType "swiss (blitz)"]
[EventRounds "11"]
[EventCountry "USA"]
[SourceTitle "EXT 2025"]
[Source "ChessBase"]
[SourceDate "2024.10.14"]
[SourceVersion "1"]
[SourceVersionDate "2024.10.14"]
[SourceQuality "1"]

1. d4 Nf6 2. Nc3 e6 3. e4 d5 4. e5 Nfd7 5. f4 c5 6. Nf3 Nc6 7. Be3 a6 8. Ne2 b5 9. c3 Rb8 10. a3 a5 11. g4 b4 12. axb4 axb4 13. f5 bxc3 14. bxc3 cxd4 15. cxd4 Bb4+ 16. Kf2 0-0 17. Nf4 Qe8 18. Qc1 Ndxe5 19. Nxe5 Nxe5 20. dxe5 exf5 21. Bd4 fxg4 22. Bd3 Be6 23. Kg2 Qd8 24. Qe3 Qh4 25. Rhf1 Be7 26. Ra2 Bg5 27. Qg3 Qh6 28. Ra7 Rb4 29. Nxe6 Qxe6 30. Qf2 Qh6 31. Kg1 Rxd4 32. Rxf7 Rf4 33. Rxf8+ Kxf8 34. Qc5+ Be7 35. Qc8+ Kf7 36. Qxg4 Rxf1+ 37. Kxf1 Qc1+ 38. Kg2 Qd2+ 39. Be2 g6 40. Kf1 Kg7 41. Qe6 Bh4 42. Qd7+ Kh6 43. Qg4 Qe1+ 44. Kg2 Qf2+ 45. Kh3 Bg5 46. Qf3 Qd4 47. Kg2 Qxe5 48. Qh3+ Kg7 49. Qd7+ Be7 50. Bg4 h5 51. Be6 Qe2+ 52. Kg1 Kf6 53. Bh3 Bc5+ 54. Kh1 Qf3+ 55. Bg2 Qd1+ 56. Bf1 Qxf1# 0-1

[Event "Titled Tuesday intern op 27th Feb Early"]
[Site "Chess.com INT"]
[Date "2024.02.27"]
[Round "1"]
[White "Zepeda Berlanga, Jan Enrique"]
[Black "Streltsov, Alexey"]
[Result "0-1"]
[WhiteElo "1873"]
[BlackElo "2286"]
[PlyCount "102"]
[EventDate "2024.02.27"]
[EventType "swiss (blitz)"]
[EventRounds "11"]
[EventCountry "USA"]
[SourceTitle "EXT 2025"]
[Source "ChessBase"]
[SourceDate "2024.10.14"]
[SourceVersion "1"]
[SourceVersionDate "2024.10.14"]
[SourceQuality "1"]

1. e4 c6 2. Nf3 d5 3. exd5 cxd5 4. d4 Nf6 5. Bd3 Bg4 6. Bg5 Qb6 7. Nc3 Nbd7 8. Bb5 0-0-0 9. 0-0 e6 10. Bxd7+ Rxd7 11. Qd3 Bxf3 12. gxf3 Bd6 13. Ne2 Kb8 14. b3 Rc8 15. Rfc1 Ka8 16. Be3 Rdc7 17. c3 Qa5 18. Rc2 h6 19. Rac1 Ba3 20. Rb1 Ne8 21. b4 Qa4 22. Rb3 Nd6 23. Bc1 Bxc1 24. Rxc1 Qxa2 25. Rbb1 a6 26. b5 Nxb5 27. Ra1 Qc4 28. Qd2 Kb8 29. Rc2 g5 30. Rb2 Nxc3 31. Nxc3 Qxc3 32. Qxc3 Rxc3 33. Rxa6 Rxf3 34. Rd6 Rf4 35. Rd7 Rc7 36. Rd8+ Ka7 37. Ra2+ Kb6 38. Rb2+ Kc6 39. Rh8 Rd7 40. Rxh6 Rxd4 41. Rc2+ Kd6 42. Rh8 Rc4 43. Rd2 d4 44. Rh3 Ke5 45. Rb3 Kf6 46. Kg2 e5 47. Kf3 Kf5 48. h3 e4+ 49. Kg2 Rc5 50. Kf1 d3 51. Rdb2 Rc1+ 0-1

[Event "Titled Tuesday intern op 20th Feb Early"]
[Site "Chess.com INT"]
[Date "2024.02.20"]
[Round "2"]
[White "Eggleston, Thomas"]
[Black "Streltsov, Alexey"]
[Result "0-1"]
[WhiteElo "2188"]
[BlackElo "2286"]
[PlyCount "94"]
[EventDate "2024.02.20"]
[EventType "swiss (blitz)"]
[EventRounds "11"]
[EventCountry "USA"]
[SourceTitle "EXT 2025"]
[Source "ChessBase"]
[SourceDate "2024.10.14"]
[SourceVersion "1"]
[SourceVersionDate "2024.10.14"]
[SourceQuality "1"]

1. e4 c6 2. d4 d5 3. e5 Bf5 4. Nd2 e6 5. Ne2 c5 6. c4 Nc6 7. cxd5 Qxd5 8. Ng3 cxd4 9. Nxf5 Qxe5+ 10. Be2 Qxf5 11. 0-0 Nf6 12. Nf3 e5 13. Re1 Bd6 14. Bd3 e4 15. Ng5 0-0 16. Nxe4 Rfe8 17. Nxf6+ Qxf6 18. Bd2 Ne5 19. Be4 Qh4 20. g3 Qh3 21. Bg2 Qf5 22. Bf4 Bb4 23. Re4 Ng6 24. Rxd4 Re1+ 25. Qxe1 Bxe1 26. Rxe1 Nxf4 27. Rxf4 Qc5 28. Bd5 Qxd5 29. Rfe4 h6 30. Re7 Rd8 31. Rc7 Rd7 32. Rc8+ Kh7 33. h4 Qf3 34. Rcc1 Rd2 35. Rf1 Rxb2 36. Ra1 Qe2 37. a4 g5 38. hxg5 hxg5 39. a5 Kg6 40. Kg2 g4 41. Kg1 Rb5 42. a6 b6 43. Rfe1 Qf3 44. Rac1 Rh5 45. Rc6+ Qxc6 46. Re6+ fxe6 47. Kf1 Qe4 0-1

[Event "Titled Tuesday intern op 20th Feb Early"]
[Site "Chess.com INT"]
[Date "2024.02.20"]
[Round "7"]
[White "Shubhi, Gupta"]
[Black "Streltsov, Alexey"]
[Result "1-0"]
[WhiteElo "1929"]
[BlackElo "2286"]
[PlyCount "49"]
[EventDate "2024.02.20"]
[EventType "swiss (blitz)"]
[EventRounds "11"]
[EventCountry "USA"]
[SourceTitle "EXT 2025"]
[Source "ChessBase"]
[SourceDate "2024.10.14"]
[SourceVersion "1"]
[SourceVersionDate "2024.10.14"]
[SourceQuality "1"]

1. d4 d5 2. Nf3 c6 3. c4 e6 4. Nc3 dxc4 5. e4 b5 6. a4 Bb4 7. axb5 cxb5 8. Bd2 Bxc3 9. Bxc3 Qe7 10. Qd2 Nc6 11. d5 exd5 12. Qxd5 Nb4 13. Qxb5+ Bd7 14. Qxb4 Qxe4+ 15. Be2 Rc8 16. Ne5 Nf6 17. 0-0 Qxe2 18. Rfe1 Nd5 19. Rxe2 Nxb4 20. Bxb4 Be6 21. Rxa7 Rb8 22. Re7+ Kd8 23. Nc6+ Kc8 24. Nxb8 Kxb8 25. g3 1-0

[Event "Titled Tuesday intern op 20th Feb Late"]
[Site "Chess.com INT"]
[Date "2024.02.20"]
[Round "1"]
[White "Streltsov, Alexey"]
[Black "Gallego Bergada, Antoni"]
[Result "1-0"]
[WhiteElo "2286"]
[BlackElo "2123"]
[PlyCount "53"]
[EventDate "2024.02.20"]
[EventType "swiss (blitz)"]
[EventRounds "11"]
[EventCountry "USA"]
[SourceTitle "EXT 2025"]
[Source "ChessBase"]
[SourceDate "2024.10.14"]
[SourceVersion "1"]
[SourceVersionDate "2024.10.14"]
[SourceQuality "1"]

1. d4 f5 2. Nc3 Nf6 3. f3 d5 4. e4 dxe4 5. fxe4 fxe4 6. Nge2 Bg4 7. h3 Bh5 8. g4 Bg6 9. Nf4 Bf7 10. Bg2 Nc6 11. Be3 e5 12. dxe5 Nxe5 13. Nxe4 Nxe4 14. Bxe4 Qxd1+ 15. Rxd1 c6 16. 0-0 Be7 17. Bd4 Nc4 18. b3 Nd6 19. Bd3 0-0 20. Rde1 Bh4 21. Re2 Rfe8 22. Rxe8+ Rxe8 23. Bxa7 Bg3 24. Kg2 Bxf4 25. Rxf4 Bd5+ 26. Kg3 Re3+ 27. Bxe3 1-0

[Event "Titled Tuesday intern op 20th Feb Late"]
[Site "Chess.com INT"]
[Date "2024.02.20"]
[Round "11"]
[White "Streltsov, Alexey"]
[Black "Polster, Christian"]
[Result "1-0"]
[WhiteElo "2286"]
[BlackElo "2265"]
[PlyCount "135"]
[EventDate "2024.02.20"]
[EventType "swiss (blitz)"]
[EventRounds "11"]
[EventCountry "USA"]
[SourceTitle "EXT 2025"]
[Source "ChessBase"]
[SourceDate "2024.10.14"]
[SourceVersion "1"]
[SourceVersionDate "2024.10.14"]
[SourceQuality "1"]

1. d4 Nf6 2. Nc3 d5 3. Bf4 c5 4. e3 cxd4 5. exd4 Bg4 6. Be2 Bxe2 7. Qxe2 Nc6 8. Nb5 Rc8 9. Nd6+ Kd7 10. Nxc8 Kxc8 11. Nf3 Qb6 12. c3 Ne4 13. Ne5 Nxe5 14. Bxe5 Qg6 15. 0-0 h5 16. f3 Nd6 17. Bxd6 Qxd6 18. Qb5 e6 19. Qe8+ Qd8 20. Qxf7 Bd6 21. Qxe6+ Kb8 22. Rae1 h4 23. f4 g5 24. f5 g4 25. f6 Bg3 26. hxg3 hxg3 27. Qe5+ Ka8 28. Qxg3 a6 29. f7 Rf8 30. Qxg4 a5 31. Qg7 a4 32. Qxf8 Qxf8 33. Re8+ Ka7 34. Rxf8 a3 35. b3 b5 36. Rf6 b4 37. cxb4 Kb7 38. Rd8 Kc7 39. Rxd5 Kb7 40. g4 Kc7 41. g5 Kb7 42. g6 Kc7 43. Kf2 Kb7 44. Kf3 Kc7 45. Kf4 Kb7 46. Ke5 Kc7 47. Ra5 Kb7 48. Rxa3 Kc7 49. Raa6 Kb7 50. Rac6 Ka7 51. b5 Kb7 52. b4 Ka7 53. a4 Kb7 54. a5 Ka7 55. Rc7+ Kb8 56. b6 Ka8 57. a6 Kb8 58. b5 Ka8 59. d5 Kb8 60. g7 Ka8 61. Ke6 Kb8 62. Ke7 Ka8 63. Ke8 Kb8 64. g8Q Ka8 65. f8R Kb8 66. d6 Ka8 67. d7 Kb8 68. d8R# 1-0

[Event "Titled Tuesday intern op 30th Jan Late"]
[Site "Chess.com INT"]
[Date "2024.01.30"]
[Round "2"]
[White "Ardila, Oscar Humberto"]
[Black "Streltsov, Alexey"]
[Result "0-1"]
[WhiteElo "1952"]
[BlackElo "2286"]
[PlyCount "76"]
[EventDate "2024.01.30"]
[EventType "swiss (blitz)"]
[EventRounds "11"]
[EventCountry "USA"]
[SourceTitle "EXT 2025"]
[Source "ChessBase"]
[SourceDate "2024.10.14"]
[SourceVersion "1"]
[SourceVersionDate "2024.10.14"]
[SourceQuality "1"]

1. d4 d5 2. c4 e6 3. Nc3 c6 4. Nf3 dxc4 5. a4 Bb4 6. Ne5 b5 7. e3 Bb7 8. Bd2 a6 9. b3 cxb3 10. Qxb3 Bd6 11. f4 Nd7 12. axb5 cxb5 13. Kf2 Ngf6 14. h3 0-0 15. Rg1 Bxe5 16. fxe5 Ne4+ 17. Nxe4 Bxe4 18. Bb4 Re8 19. Bd6 Nb6 20. g3 Bd5 21. Qb4 Nc4 22. Bg2 Nxd6 23. Qxd6 Qxd6 24. exd6 Bxg2 25. Rxg2 Red8 26. Kf3 Rxd6 27. Rga2 Kf8 28. Ke4 Ke7 29. g4 Kd7 30. h4 f6 31. Rc1 Rc6 32. Rac2 Rxc2 33. Rxc2 a5 34. d5 a4 35. dxe6+ Kxe6 36. Rc6+ Kd7 37. Rb6 a3 38. Rb7+ Kc6 0-1

[Event "Titled Tuesday intern op 30th Jan Late"]
[Site "Chess.com INT"]
[Date "2024.01.30"]
[Round "8"]
[White "Mirzoev, Azer"]
[Black "Streltsov, Alexey"]
[Result "1-0"]
[WhiteElo "2447"]
[BlackElo "2286"]
[PlyCount "121"]
[EventDate "2024.01.30"]
[EventType "swiss (blitz)"]
[EventRounds "11"]
[EventCountry "USA"]
[SourceTitle "EXT 2025"]
[Source "ChessBase"]
[SourceDate "2024.10.14"]
[SourceVersion "1"]
[SourceVersionDate "2024.10.14"]
[SourceQuality "1"]

1. c4 e6 2. Nc3 d5 3. e3 Nf6 4. Nf3 c5 5. cxd5 Nxd5 6. d3 b6 7. Be2 Bb7 8. 0-0 Be7 9. a3 0-0 10. Bd2 Nd7 11. Rc1 Rc8 12. h3 h6 13. b4 cxb4 14. Nxd5 Bxd5 15. axb4 Rxc1 16. Qxc1 Qa8 17. Qa1 Bf6 18. Qa4 Ne5 19. Nxe5 Bxe5 20. e4 Bb7 21. Be3 f5 22. Qd7 Bc8 23. Qb5 Bb8 24. Bf3 Bb7 25. Rc1 fxe4 26. dxe4 Bxe4 27. Bxe4 Qxe4 28. Qd7 Qe5 29. g3 Qf6 30. b5 Kh7 31. Rc6 Qf3 32. Qxe6 Rf6 33. Qc4 Rf8 34. Qd3+ Kh8 35. Qg6 Qd1+ 36. Kg2 Qf3+ 37. Kh2 Qd5 38. Re6 Qxb5 39. Re7 Be5 40. Qe4 Qd5 41. Qxd5 Bf6 42. Rxa7 Rd8 43. Rd7 Rf8 44. Rb7 Kh7 45. Rxb6 Kg6 46. Qd3+ Kf7 47. Rb7+ Kg8 48. Rd7 Kh8 49. h4 h5 50. Rd5 g6 51. Qxg6 Bg7 52. Rxh5+ Kg8 53. Rh7 Rf7 54. Rxg7+ Rxg7 55. Qe8+ Kh7 56. Qe4+ Kh8 57. h5 Kg8 58. h6 Rf7 59. Qg6+ Kh8 60. Bd4+ Rg7 61. Qxg7# 1-0

[Event "Titled Tuesday intern op 30th Jan Early"]
[Site "Chess.com INT"]
[Date "2024.01.30"]
[Round "7"]
[White "Piesik, Piotr"]
[Black "Streltsov, Alexey"]
[Result "1-0"]
[WhiteElo "2421"]
[BlackElo "2341"]
[PlyCount "41"]
[EventDate "2024.01.30"]
[EventType "swiss (blitz)"]
[EventRounds "11"]
[EventCountry "USA"]
[SourceTitle "EXT 2025"]
[Source "ChessBase"]
[SourceDate "2024.10.14"]
[SourceVersion "1"]
[SourceVersionDate "2024.10.14"]
[SourceQuality "1"]

1. Nf3 d5 2. g3 Nc6 3. Bg2 e5 4. d3 Bf5 5. 0-0 Qd7 6. c4 d4 7. Qb3 Na5 8. Qb5 Qxb5 9. cxb5 0-0-0 10. Bd2 b6 11. Nxe5 Be6 12. b4 Nb7 13. Nc6 Nd6 14. a4 Re8 15. Nxa7+ Kd8 16. a5 Nf6 17. a6 Bd5 18. Nc6+ Kc8 19. Bh3+ Be6 20. Bxe6+ Rxe6 21. a7 1-0

[Event "Titled Tuesday intern op 30th Jan Early"]
[Site "Chess.com INT"]
[Date "2024.01.30"]
[Round "4"]
[White "Streltsov, Alexey"]
[Black "Danielyan, Vahe"]
[Result "0-1"]
[WhiteElo "2341"]
[BlackElo "2325"]
[PlyCount "112"]
[EventDate "2024.01.30"]
[EventType "swiss (blitz)"]
[EventRounds "11"]
[EventCountry "USA"]
[SourceTitle "EXT 2025"]
[Source "ChessBase"]
[SourceDate "2024.10.14"]
[SourceVersion "1"]
[SourceVersionDate "2024.10.14"]
[SourceQuality "1"]

1. d4 Nf6 2. Bf4 d5 3. e3 c5 4. Nc3 Nc6 5. Nb5 e5 6. Bxe5 Nxe5 7. dxe5 Nd7 8. Qxd5 Be7 9. Nd6+ Bxd6 10. Qxd6 Qe7 11. Nf3 Qxd6 12. exd6 f6 13. Bc4 b6 14. Bd5 Rb8 15. 0-0-0 Bb7 16. e4 Bxd5 17. Rxd5 Kf7 18. e5 Ke6 19. c4 Rhe8 20. Re1 Rbd8 21. exf6+ Kxf6 22. Re3 h6 23. g4 Rxe3 24. fxe3 Ke6 25. g5 Rf8 26. Nh4 Rf1+ 27. Kc2 Rf2+ 28. Rd2 Rxd2+ 29. Kxd2 hxg5 30. Nf3 g4 31. Ng5+ Kxd6 32. b3 Ke5 33. Nf7+ Kf6 34. Nd6 Kg5 35. Ke2 Kh4 36. Kf2 Kh3 37. Kg1 Ne5 38. Ne4 Nf3+ 39. Kh1 Nxh2 40. Nf2+ Kg3 41. Ne4+ Kf3 42. Ng5+ Kf2 43. Kxh2 g3+ 44. Kh3 g2 45. Kh4 Kxe3 46. Nh3 Kd2 47. Kg3 Kc2 48. Kxg2 Kb2 49. Kf3 Kxa2 50. Ke3 Kxb3 51. Kd3 a5 52. Nf4 a4 53. Nd5 a3 54. Nxb6 a2 55. Nd7 Kb4 56. Nxc5 Kxc5 0-1

[Event "Titled Tuesday intern op 30th Jan Late"]
[Site "Chess.com INT"]
[Date "2024.01.30"]
[Round "1"]
[White "Streltsov, Alexey"]
[Black "Firouzja, Alireza"]
[Result "0-1"]
[WhiteElo "2286"]
[BlackElo "2760"]
[PlyCount "82"]
[EventDate "2024.01.30"]
[EventType "swiss (blitz)"]
[EventRounds "11"]
[EventCountry "USA"]
[SourceTitle "EXT 2025"]
[Source "ChessBase"]
[SourceDate "2024.10.14"]
[SourceVersion "1"]
[SourceVersionDate "2024.10.14"]
[SourceQuality "1"]

1. d4 Nf6 2. Nc3 d5 3. Bf4 c5 4. e3 cxd4 5. exd4 Bg4 6. Be2 Bxe2 7. Qxe2 Nc6 8. Nb5 Kd7 9. Nf3 a6 10. Nc7 Rc8 11. Ne5+ Nxe5 12. dxe5 Rxc7 13. exf6 Rc6 14. 0-0-0 e6 15. Qg4 Qxf6 16. Rxd5+ Kc8 17. Rhd1 Be7 18. Rd7 Ba3 19. bxa3 Qc3 20. Rc7+ Rxc7 21. Bxc7 Kxc7 22. Rd3 Qe1+ 23. Kb2 Qe5+ 24. Kb3 Rc8 25. Qg3 Qxg3 26. Rxg3 g6 27. Rf3 Rf8 28. c4 Kd6 29. g4 f5 30. g5 e5 31. Rh3 Rf7 32. Rd3+ Ke6 33. c5 e4 34. Rd6+ Ke5 35. Kc4 Kf4 36. c6 bxc6 37. Rxc6 Kf3 38. Rxa6 Kxf2 39. Re6 e3 40. Kd3 Rd7+ 41. Kc2 e2 0-1

[Event "Titled Tuesday intern op 30th Jan Late"]
[Site "Chess.com INT"]
[Date "2024.01.30"]
[Round "6"]
[White "Streltsov, Alexey"]
[Black "Paragua, Megan Althea"]
[Result "1-0"]
[WhiteElo "2286"]
[BlackElo "1970"]
[PlyCount "91"]
[EventDate "2024.01.30"]
[EventType "swiss (blitz)"]
[EventRounds "11"]
[EventCountry "USA"]
[SourceTitle "EXT 2025"]
[Source "ChessBase"]
[SourceDate "2024.10.14"]
[SourceVersion "1"]
[SourceVersionDate "2024.10.14"]
[SourceQuality "1"]

1. d4 Nf6 2. Nc3 d5 3. Bf4 e6 4. Nb5 Na6 5. e3 c6 6. Nc3 Bb4 7. Bxa6 Bxc3+ 8. bxc3 bxa6 9. Ne2 h6 10. 0-0 0-0 11. c4 dxc4 12. c3 Qa5 13. a4 Bd7 14. Qc2 Rfc8 15. Bd6 Ne8 16. Bb4 Qc7 17. a5 Nf6 18. Bc5 Be8 19. Qa4 Nd7 20. Qxc4 Nxc5 21. Qxc5 Rab8 22. c4 Rb2 23. Nf4 Rcb8 24. Nd3 R2b7 25. f4 Rb3 26. Rfd1 f6 27. d5 exd5 28. cxd5 R8b5 29. d6 Qd7 30. Qc4+ Bf7 31. Nc5 Qd8 32. Qd4 R3b4 33. Qc3 Rc4 34. Qd3 Rcxc5 35. e4 Rxa5 36. Rxa5 Rxa5 37. Qd4 c5 38. Qd2 c4 39. d7 Rc5 40. Qd6 Rc7 41. e5 fxe5 42. fxe5 c3 43. e6 c2 44. Rc1 Bxe6 45. Qxe6+ Kh8 46. Qe8+ 1-0

[Event "Titled Tuesday intern op 30th Jan Early"]
[Site "Chess.com INT"]
[Date "2024.01.30"]
[Round "6"]
[White "Streltsov, Alexey"]
[Black "Szczepanek, Radoslaw"]
[Result "1-0"]
[WhiteElo "2341"]
[BlackElo "2205"]
[PlyCount "133"]
[EventDate "2024.01.30"]
[EventType "swiss (blitz)"]
[EventRounds "11"]
[EventCountry "USA"]
[SourceTitle "EXT 2025"]
[Source "ChessBase"]
[SourceDate "2024.10.14"]
[SourceVersion "1"]
[SourceVersionDate "2024.10.14"]
[SourceQuality "1"]

1. d4 Nf6 2. Bf4 d5 3. e3 e6 4. Nc3 c5 5. Nb5 Na6 6. c3 Bd7 7. Nf3 c4 8. a4 Be7 9. Nd6+ Bxd6 10. Bxd6 Ne4 11. Ba3 f6 12. Nd2 Nxd2 13. Qxd2 Kf7 14. e4 Bc6 15. e5 h5 16. Be2 Bxa4 17. 0-0 f5 18. Bd6 Bb3 19. f3 g5 20. h4 gxh4 21. Kf2 Qg8 22. Qf4 Qg3+ 23. Qxg3 hxg3+ 24. Kxg3 Rag8+ 25. Kf2 h4 26. Rh1 f4 27. Rh3 Rh7 28. Rah1 Rgh8 29. Ke1 Ke8 30. Kd2 Kd7 31. Bd1 Kc6 32. Bxb3 cxb3 33. Ke2 Nc7 34. Bxc7 Kxc7 35. Ra1 Rg8 36. Kf2 Kb6 37. Ra3 a5 38. Rxb3+ Kc6 39. Ra3 Kb5 40. Ra1 a4 41. Rhh1 Rhg7 42. Rag1 Rh8 43. Ra1 Rhg8 44. Rh2 Rg3 45. Rg1 Rh8 46. Rgh1 h3 47. Rxh3 Rhxh3 48. Rxh3 Rxh3 49. gxh3 Kc4 50. h4 Kb3 51. h5 Kxb2 52. h6 a3 53. h7 a2 54. h8Q a1Q 55. Qc8 Kc1 56. Qxe6 Qb2+ 57. Kf1 Qxc3 58. Qxd5 Qd3+ 59. Kg2 Qe2+ 60. Kh3 Qf1+ 61. Kg4 Qg2+ 62. Kxf4 Qh2+ 63. Ke4 Qe2+ 64. Kf5 Qd3+ 65. Kf6 Qa6+ 66. Qd6 Qf1 67. Qc7+ 1-0